| 000 | 00687cab a2200229 4500 | ||
|---|---|---|---|
| 001 | X785 | ||
| 008 | 090401t1993 xxu||||| |||| 00| 0 eng d | ||
| 035 | _a(Sirsi) u67449 | ||
| 041 | _aeng | ||
| 245 | _aBenevolent Fund recital`s joyous escapism | ||
| 260 | _c1993 | ||
| 350 | _a0 | ||
| 490 |
_aCSM (Chartered Surveyor Monthly) _v2(9) June 1993, 7(1) |
||
| 520 | _aRecital given at RICS HQ in aid of Benevolent Fund on 27 April 1993. | ||
| 650 | _aABOUT RICS-RELATED ORGANISATIONA-RICS BENEVOLENT FUND | ||
| 650 | _aFUND RAISING | ||
| 650 | _aRECITAL | ||
| 650 | _aRICS | ||
| 690 | _aMANAGEMENT-BUSINESS MANAGEMENT-PROFESSIONAL PRACTICE | ||
| 942 | _n0 | ||
| 948 | _c04/03/1997 | ||
| 999 |
_c42206 _d42206 |
||